| 000 | 00735nam a2200193Ia 4500 | ||
|---|---|---|---|
| 001 | 6101 | ||
| 003 | GE_BSU | ||
| 008 | 181216s||||||||xx |||||||||||||| ||und|| | ||
| 040 | _cGE_BSU | ||
| 080 | _a821.353.1-343 | ||
| 100 | _aასათიანი, მამია | ||
| 245 | _aგეგუთის ძელქვები: ლეგენდები; მწერლის ჩანაწერები. / მამია ასათიანი. / მამია ასათიანი | ||
| 245 | _cრედ.: ნ. ინასარიძე | ||
| 260 | _aთბილისი | ||
| 260 | _bსაბჭოთა საქართველო | ||
| 260 | _c1968 | ||
| 300 | _a438გვ.; 21სმ. | ||
| 942 | _cBK | ||
| 999 |
_c39505 _d39505 |
||